000 00754nam a2200265Ia 4500
003 OSt
005 20220928125211.0
006 a|||||r|||| 00| 0
007 ta
008 220927b |||||||| |||| 00| 0 eng d
020 _cINR 595.00
024 _a135968
037 _b031, 29/09/2017, N.R.Book Distributors
_cTextual
040 _aSDCL
_cSDCL
_beng
041 _2eng
_aeng
082 _aI,12:7, Q6
100 _aRazdan M. K.
_9420027
245 0 _aIntroduction to plant tissue culture
250 _a3rd
260 _aNew Delhi
_bOxford & IBH
_c2016
300 _axvii,400p.
_ccm.
650 _aGenetics
942 _hI,12:7, Q6
_cTEXL
_2CC
999 _c781566
_d781566